Escoles d'altres mons : fotografies de Kim Manresa fotografies de Kim Manresa
Descripción Física:
1 targeta postal : il·lustracions ; 15 x 11 cm
Otros Autores:
Manresa, Kim
Idioma:
Catalán
MARC
| LEADER | 00000nkm a2200000 a 4500 | ||
|---|---|---|---|
| 001 | 25825 | ||
| 008 | 220608b spa||||| |||| 00| 0 cat d | ||
| 017 | |a DL B 23163-2016 | ||
| 080 | |a NBM-13-215 | ||
| 245 | |a Escoles d'altres mons : |b fotografies de Kim Manresa | ||
| 260 | |a Barcelona : |b Diputació de Barcelona, Gerència de Serveis d'Educació, |c 2016 | ||
| 300 | |a 1 targeta postal : |b il·lustracions ; |c 15 x 11 cm | ||
| 650 | 0 | |9 53332 |a Fotògrafs de premsa |v Exposicions | |
| 655 | 0 | |a Targetes postals |9 52685 | |
| 700 | |9 48843 |a Manresa, Kim |e fotografies | ||
| 710 | |a Barcelona (Catalunya : Província). |b Gerència de Serveis d'Educació |9 52167 | ||
| 942 | |2 udc |n 1 |c ARXIU | ||
| 952 | |0 0 |1 0 |4 0 |6 NBM13215 |7 1 |9 62284 |a Arxiu |b Arxiu |d 2022-06-08 |l 0 |o NBM-13-215 |p 25825 |r 2022-06-08 00:00:00 |w 2022-06-08 |y ARXIU | ||
| 999 | |c 81947 |d 81947 | ||